Промышленность стран Северной Африки: особенности развития в условиях независимости

গ্রন্থ-পঞ্জীর বিবরন
প্রধান লেখক: Ермолаева М. В. Маргарита Всеволодовна
সংস্থা লেখক: Академия наук СССР (АН СССР) Институт Африки (ИАф)
অন্যান্য লেখক: Калиниченко Л. Н. Людмила Николаевна
সংক্ষিপ্ত:Исключено из фонда НТБ ТПУ
ভাষা:রুশ
প্রকাশিত: Москва, Наука, 1989
বিন্যাস: MixedMaterials গ্রন্থ
KOHA link:https://koha.lib.tpu.ru/cgi-bin/koha/opac-detail.pl?biblionumber=253720

MARC

LEADER 00000nam0a2200000 4500
001 253720
005 20231031214547.0
010 |a 5020163864 
020 |a RU  |b 89-48360 
035 |a (RuTPU)RU\TPU\book\276129 
090 |a 253720 
100 |a 20140315d1989 k a0rusy5003 ca 
101 0 |a rus 
102 |a RU 
105 |a y z 001zy 
200 1 |a Промышленность стран Северной Африки  |e особенности развития в условиях независимости  |f М. В. Ермолаева, Л. Н. Калиниченко  |g Академия наук СССР (АН СССР), Институт Африки (ИАф) 
210 |a Москва  |c Наука  |d 1989 
215 |a 158 с. 
333 |a Исключено из фонда НТБ ТПУ 
700 1 |a Ермолаева  |b М. В.  |g Маргарита Всеволодовна 
701 1 |a Калиниченко  |b Л. Н.  |g Людмила Николаевна 
712 0 2 |a Академия наук СССР (АН СССР)  |b Институт Африки (ИАф)  |c (Москва) 
801 0 |a RU  |b RuMRKP  |c 19950417  |g psbo 
801 1 |a RU  |b 63413507  |c 20140315 
801 2 |a RU  |b 63413507  |c 20220413  |g RCR 
942 |c BK